00227nam a2200097Ia 4500008004100000082002100041100001700062245001900079260001800098600001300116241002s9999 xx 000 0 und d a241.04254918 MAY aMayne, Peter 0aSaints of Sind aLondon:c1956 aReligion